Statistics for Flags of South Asia

Click here to take the quiz!

General Stats

  • This quiz has been taken 28 times
  • The average score is 8 of 9

Answer Stats

Answer% Correct
Bangladesh
100%
India
100%
Sri Lanka
100%
Nepal
95%
Pakistan
95%
Afghanistan
86%
Bhutan
86%
Maldives
86%
Myanmar
82%

Score Distribution

Percentile by Number Answered

Percent of People with Each Score

Your Score History

You have not taken this quiz